[Event "ACT-ch Tuggeranong Vikings"]
[Site "Erindale"]
[Date "1998.09.28"]
[Round "9"]
[White "Frawley, Matthew"]
[Black "Jones, Martin"]
[Result "0-1"]
[WhiteElo "1207"]
[BlackElo "1583"]
[PlyCount "48"]
[EventDate "1998.08.??"]
[EventType "swiss"]
[EventRounds "9"]
[EventCountry "AUS"]
[SourceTitle "EXT 2001"]
[Source "ChessBase"]
[SourceDate "2000.11.22"]
[SourceVersion "1"]
[SourceVersionDate "2000.11.22"]
[SourceQuality "1"]

1. d4 c6 2. c4 d5 3. Nf3 Bf5 4. cxd5 cxd5 5. Nc3 e6 6. Bf4 Nf6 7. e3 h6 8. Be2 a6 9. 0-0 Nh5 10. Bxb8 Rxb8 11. Ne5 Nf6 12. Qa4+ Nd7 13. Nxd7 Qxd7 14. Rac1 Bd6 15. a3 Ke7 16. Qxd7+ Kxd7 17. h3 b5 18. b4 g5 19. g4 Bg6 20. Rfd1 Rh7 21. Bd3 Bxd3 22. Rxd3 h5 23. f3 hxg4 24. hxg4 Rbh8 0-1

[Event "ACT-ch Tuggeranong Vikings"]
[Site "Erindale"]
[Date "1998.09.07"]
[Round "6"]
[White "Frawley, Matthew"]
[Black "Wood, Leo"]
[Result "1/2-1/2"]
[WhiteElo "1207"]
[BlackElo "1288"]
[PlyCount "44"]
[EventDate "1998.08.??"]
[EventType "swiss"]
[EventRounds "9"]
[EventCountry "AUS"]
[SourceTitle "EXT 2001"]
[Source "ChessBase"]
[SourceDate "2000.11.22"]
[SourceVersion "1"]
[SourceVersionDate "2000.11.22"]
[SourceQuality "1"]

1. d4 Nf6 2. c4 g6 3. Nc3 Bg7 4. e4 d6 5. Bd3 0-0 6. Nge2 Nc6 7. Be3 a5 8. a3 Bd7 9. f3 b6 10. 0-0 e5 11. d5 Ne7 12. Qd2 c5 13. Bh6 Nh5 14. Bxg7 Kxg7 15. f4 exf4 16. Nxf4 Nxf4 17. Qxf4 Nc8 18. Rae1 Qe7 19. Bc2 Qe5 20. Qxe5+ dxe5 21. h3 Nd6 22. Bd3 Be8 1/2-1/2

[Event "ACT-ch Tuggeranong Vikings"]
[Site "Erindale"]
[Date "1998.08.31"]
[Round "5"]
[White "Dunne, Sebastien"]
[Black "Frawley, Matthew"]
[Result "1/2-1/2"]
[WhiteElo "988"]
[BlackElo "1207"]
[PlyCount "25"]
[EventDate "1998.08.??"]
[EventType "swiss"]
[EventRounds "9"]
[EventCountry "AUS"]
[SourceTitle "EXT 2001"]
[Source "ChessBase"]
[SourceDate "2000.11.22"]
[SourceVersion "1"]
[SourceVersionDate "2000.11.22"]
[SourceQuality "1"]

1. e4 e6 2. d4 d5 3. Nc3 Nf6 4. e5 Nfd7 5. Nce2 c5 6. c3 Nc6 7. Nf3 cxd4 8. cxd4 Bb4+ 9. Bd2 Bxd2+ 10. Qxd2 0-0 11. Ng3 f6 12. exf6 Nxf6 13. Ne5 1/2-1/2